| 000 | 00409nam a2200157Ia 4500 | ||
|---|---|---|---|
| 008 | 221030s9999 xx 000 0 und d | ||
| 020 | _a9812436626 | ||
| 041 | _aEnglish | ||
| 082 |
_a105.23 _bKri |
||
| 100 | _aS. Krishnamurthy | ||
| 245 | 0 |
_aE- Commerce Management - Text & Cases _cby S. Krishnamurthy |
|
| 260 |
_bVikas Pub House _aNew Delhi _c2003 |
||
| 300 | _a445 | ||
| 650 | _aBE Computer | ||
| 942 | _cBK | ||
| 999 |
_c6284 _d6284 |
||